00368nam a2200121Ia 45000010005000000080041000050820025000461000061000712450048001322600024001809010027002049990015002313927241024s9999 xx 000 0 und d aRD/352.48/R426c/2015 aRepública Dominicana. Ministerio de Educación MINERD 0aConsideraciones del presupuesto MINERD 2015 bSanto Domingoc2015 a17/2/2015 9:09:53 a.m. c9468d9468